Bangladesh environment 2010 : an outcome of the 3rd International Conference on Bangladesh Environment (ICBEN 2010) /

Bibliographic Details
Corporate Authors: International Conference on Bangladesh Environment Dhaka, Bangladesh, Bangladesh Poribesh Andolon, Bangladesh Environment Network
Format: Conference Proceeding Book
Language:English
Published: Dhaka : Bangladesh Poribesh Andolon : Bangladesh Environment Network, c2010.
Subjects:
Classic Catalogue: View this record in Classic Catalogue
LEADER 01733nam a2200349 a 4500
001 16734879
008 120611s2010 bg a b 100 0 eng d
010 |a  2011321640 
020 |a 9789843309549 
040 |a DLC  |b eng  |c DLC  |d DLC  |e rda  |d BD-DhAAL 
082 0 0 |a 363.73874095492  |2 22 
111 2 |a International Conference on Bangladesh Environment  |n (3rd :  |d 2010 :  |c Dhaka, Bangladesh)  |9 58207 
245 1 0 |a Bangladesh environment 2010 :  |b an outcome of the 3rd International Conference on Bangladesh Environment (ICBEN 2010) /  |c editors, M. Feroze Ahmed, Saleh Ahmed Tanveer. 
246 |a Bangladesh environment 2010 
260 |a Dhaka :  |b Bangladesh Poribesh Andolon :  |b Bangladesh Environment Network,  |c c2010. 
300 |a x, 886 pages :  |b illustrations ;  |c 22 cm 
500 |a "Organised to confront environment & climate challenge." 
504 |a Includes bibliographical references. 
526 |a BIGD 
541 1 |e 00025377 
546 |a With some articles in Bengali. 
650 0 |a Climatic changes  |x Environmental aspects  |z Bangladesh  |v Congresses.  |9 58208 
650 0 |a Environmental sciences  |z Bangladesh  |v Congresses.  |9 58209 
651 0 |a Bangladesh  |x Environmental conditions  |v Congresses.  |9 58210 
700 1 |a Ahmed, M. Feroze,  |e editor of compilation. 
700 1 |a Tanveer, Saleh Ahmed,  |e editor of compilation.  |9 58211 
710 2 |a Bangladesh Poribesh Andolon.  |9 572 
710 2 |a Bangladesh Environment Network.  |9 58212 
852 1 |a Ayesha Abed Library  |c General Stacks 
942 |2 ddc  |c BK 
999 |c 12381  |d 12381 
952 |0 0  |1 0  |2 ddc  |4 0  |6 363_738740954920000_BAN  |7 0  |9 20480  |a BIGD  |b BIGD  |d 2012-06-13  |e A H Development Publishing House  |g 500.00  |l 1  |m 3  |o 363.73874095492 BAN  |p 3050025377  |r 2014-06-09  |s 2012-12-31  |t 1  |w 2012-06-13  |y BK